<?xml version="1.0" encoding="UTF-8"?>
<marc:record xmlns:marc="http://www.loc.gov/MARC21/slim">
   <marc:leader>00000nam a2200000 a 4500</marc:leader>
   <marc:datafield ind1="1" ind2=" " tag="100">
      <marc:subfield code="a">Grace, Hannah</marc:subfield>
      <marc:subfield code="4">aut</marc:subfield>
      <marc:subfield code="e">Verfasser/-in</marc:subfield>
   </marc:datafield>
   <marc:datafield ind1="0" ind2="0" tag="245">
      <marc:subfield code="a">Daydream 03</marc:subfield>
   </marc:datafield>
   <marc:datafield ind1=" " ind2="1" tag="264">
      <marc:subfield code="b">Egmont LYX</marc:subfield>
      <marc:subfield code="c">2024</marc:subfield>
   </marc:datafield>
   <marc:datafield ind1="1" ind2=" " tag="490">
      <marc:subfield code="a">Maple Hills</marc:subfield>
   </marc:datafield>
   <marc:datafield ind1="1" ind2=" " tag="520">
      <marc:subfield code="a">REGEL NUMMER VIER: ICH DARF MICH NICHT IN HENRY TURNER VERLIEBEN  Seit sie denken kann, ist Halle Jacobs für das Glück anderer zuständig. Doch als ihr Freund plötzlich mit ihr Schluss macht, hat sie genug. Sie will endlich ihr eigenes Glück an die erste Stelle setzen und sich ihren Traum erfüllen: einen Liebesroman zu schreiben. Nur fehlen ihr dafür die romantischen Erfahrungen - ein Problem, bei dem ihr ausgerechnet Henry Turner, der neue Captain der UCMH-Eishockeymannschaft, helfen kann. Er bietet Halle einen Deal an: Sie gibt ihm Nachhilfe, damit er den Kurs bei seinem meistgehassten Professor besteht, und dafür hilft er ihr, ihre Schreibblockade aufzulösen. Sie stellen Regeln auf, die garantieren sollen, dass keine echten Gefühle ins Spiel kommen - doch Halle und Henry merken schnell, dass die Liebe keiner Anleitung folgt ...  »Hannah Grace schreibt Bücher, bei denen man sich einfach wohlfühlt. Nach Maple Hills zurückzukehren, ist wie nach Hause zu kommen und all seine Lieblingsmenschen wiederzusehen. Ihre Geschichten sind gefühlvoll, humorvoll und mitten aus dem Leben gegriffen.« READINGWITHSAMY  Band 3 der MAPLE-HILLS-Reihe von Hannah Grace</marc:subfield>
   </marc:datafield>
   <marc:datafield ind1=" " ind2=" " tag="020">
      <marc:subfield code="a">9783736322486</marc:subfield>
      <marc:subfield code="9">9783736322486</marc:subfield>
   </marc:datafield>
</marc:record>
